<?xml version="1.0" encoding="UTF-8"?>
<record
    xmlns:xsi="http://www.w3.org/2001/XMLSchema-instance"
    xsi:schemaLocation="http://www.loc.gov/MARC21/slim http://www.loc.gov/standards/marcxml/schema/MARC21slim.xsd"
    xmlns="http://www.loc.gov/MARC21/slim">

  <leader>00508    a2200181   4500</leader>
  <controlfield tag="003">OSt</controlfield>
  <controlfield tag="005">20230715132326.0</controlfield>
  <controlfield tag="008">230715b        |||||||| |||| 00| 0 eng d</controlfield>
  <datafield tag="020" ind1=" " ind2=" ">
    <subfield code="a">9789325960107</subfield>
  </datafield>
  <datafield tag="040" ind1=" " ind2=" ">
    <subfield code="c">oclc</subfield>
  </datafield>
  <datafield tag="082" ind1=" " ind2=" ">
    <subfield code="a">347.83</subfield>
    <subfield code="b">KUC/M</subfield>
  </datafield>
  <datafield tag="100" ind1=" " ind2=" ">
    <subfield code="a">Kuchhal, M C</subfield>
    <subfield code="9">1570</subfield>
  </datafield>
  <datafield tag="245" ind1=" " ind2=" ">
    <subfield code="a">Mercantile law</subfield>
    <subfield code="c">M CKuchhal, Vivek Kuchhal</subfield>
  </datafield>
  <datafield tag="250" ind1=" " ind2=" ">
    <subfield code="a">8th ed.</subfield>
  </datafield>
  <datafield tag="260" ind1=" " ind2=" ">
    <subfield code="a">Noida:</subfield>
    <subfield code="b">Vikas Publishing, </subfield>
    <subfield code="c">2021.</subfield>
  </datafield>
  <datafield tag="300" ind1=" " ind2=" ">
    <subfield code="a">690 pages</subfield>
  </datafield>
  <datafield tag="942" ind1=" " ind2=" ">
    <subfield code="2">ddc</subfield>
    <subfield code="c">BK</subfield>
    <subfield code="h">347.83</subfield>
    <subfield code="i">KUC/M</subfield>
    <subfield code="k">347.83</subfield>
    <subfield code="m">KUC/M</subfield>
  </datafield>
  <datafield tag="952" ind1=" " ind2=" ">
    <subfield code="0">0</subfield>
    <subfield code="1">0</subfield>
    <subfield code="2">ddc</subfield>
    <subfield code="4">0</subfield>
    <subfield code="7">0</subfield>
    <subfield code="8">TOURISM</subfield>
    <subfield code="a">MES</subfield>
    <subfield code="b">MES</subfield>
    <subfield code="c">TOURISM </subfield>
    <subfield code="d">2023-07-15</subfield>
    <subfield code="g">51430.00</subfield>
    <subfield code="l">2</subfield>
    <subfield code="m">3</subfield>
    <subfield code="o">347.83 KUC/M</subfield>
    <subfield code="p">42073</subfield>
    <subfield code="r">2023-12-01 13:44:55</subfield>
    <subfield code="s">2023-11-16</subfield>
    <subfield code="v">695.00</subfield>
    <subfield code="w">2023-07-15</subfield>
    <subfield code="y">BK</subfield>
    <subfield code="z">U2R2</subfield>
  </datafield>
  <datafield tag="999" ind1=" " ind2=" ">
    <subfield code="c">41846</subfield>
    <subfield code="d">41846</subfield>
  </datafield>
</record>
